| Tag |
First Indicator |
Second Indicator |
Subfields |
| LEADER |
00000cam a22000008a 4500 |
| 001 |
in00000593621 |
| 005 |
20151014094406.0 |
| 008 |
861229s1987 nyu b 00100 eng |
| 010 |
|
|
|a 86033453
|
| 020 |
|
|
|a 1555460305 (alk. paper) :
|c $19.95
|
| 035 |
|
|
|a (OCoLC)15198052
|
| 035 |
|
|
|9 ACR1533AM
|
| 040 |
|
|
|a DLC
|c DLC
|d m/c
|d TXA
|d UtOrBLW
|
| 049 |
|
|
|a TXAM
|c [A11000727]
|
| 050 |
0 |
0 |
|a PR5363.S33
|b G46 1987
|
| 082 |
0 |
|
|a 822/.912
|2 19
|
| 245 |
0 |
0 |
|a George Bernard Shaw's Saint Joan /
|c edited and with an introduction by Harold Bloom.
|
| 264 |
|
1 |
|a New York :
|b Chelsea House Publishers,
|c 1987.
|
| 300 |
|
|
|a vii, 147 pages
|
| 336 |
|
|
|a text
|b txt
|2 rdacontent
|
| 337 |
|
|
|a unmediated
|b n
|2 rdamedia
|
| 338 |
|
|
|a volume
|b nc
|2 rdacarrier
|
| 490 |
1 |
|
|a Modern critical interpretations
|
| 500 |
|
|
|a Includes index.
|
| 504 |
|
|
|a Bibliography: pages 139-140.
|
| 600 |
1 |
0 |
|a Shaw, Bernard,
|d 1856-1950.
|t Saint Joan.
|
| 600 |
0 |
0 |
|a Joan,
|c of Arc, Saint,
|d 1412-1431.
|k in fiction, drama, poetry, etc.
|
| 700 |
1 |
|
|a Bloom, Harold.
|
| 830 |
|
0 |
|a Modern critical interpretations.
|
| 999 |
|
|
|a MARS
|
| 999 |
f |
f |
|s 66229af6-636a-3cf6-9961-f6cf3c726e6f
|i cadfa4e4-24dd-3b92-9fc7-6cd185a199f6
|t 0
|
| 952 |
f |
f |
|p normal
|a Texas A&M University
|b College Station
|c Sterling C. Evans Library
|d Evans: Library Stacks
|t 0
|e PR5363.S33 G46 1987
|h Library of Congress classification
|i unmediated -- volume
|m A14811000727
|
| 998 |
f |
f |
|a PR5363.S33 G46 1987
|t 0
|l Evans: Library Stacks
|